| 000 | 00903cam a2200277 a 4500 | ||
|---|---|---|---|
| 001 | 000003845 | ||
| 005 | 20200929150607.0 | ||
| 008 | 841031s1986 ag 001 f spa | ||
| 020 | _a9509098086 | ||
| 040 |
_aDO-SdBNP _cDLC _dDLC |
||
| 041 | 1 | 7 |
_aspa _heng _2Código de idioma MARC |
| 082 |
_a813.52 _bF263F |
||
| 100 | 1 |
_aFriedman, Alan Warren. _911623 |
|
| 240 | 1 | 0 |
_aWilliam Faulkner. _lEspañol. |
| 245 | 1 | 0 |
_aWilliam Faulkner / _cAlan Warren Friedman; traducción de Silvestre Luque. |
| 260 |
_aBuenos Aires : _bAragón, _c1986. |
||
| 300 |
_a221 p. ; _c20 cm. |
||
| 504 | _aBibliografía: p. 211-215. | ||
| 534 |
_pTítulo original: _tWilliam Faulkner. |
||
| 600 | 1 | 4 |
_aFAULKNER, WILLIAM, _d1897-1962. _99781 |
| 650 | 4 |
_aNovela estadounidense _9262 |
|
| 650 | 4 |
_aLiteratura estadounidense _9263 |
|
| 700 | 1 |
_aLuque, Silvestre, _etr. _911624 |
|
| 910 | _aCatalogación derivada | ||
| 910 | _aWM | ||
| 999 |
_c3667 _d3667 |
||